Statistics for Most Democratic And Most Republican U.S States

Click here to take the quiz!

General Stats

  • This quiz has been taken 57 times
  • The average score is 17 of 20

Answer Stats

PartyPercentageAnswer% Correct
Democrat63.5%California
98%
Democrat60.9%New York
94%
Democrat58.0%Washington
92%
Democrat65.6%Massachusetts
90%
Democrat63.7%Hawaii
88%
Republican63.8%Idaho
88%
Democrat59.4%Rhode Island
88%
Democrat59.3%Connecticut
86%
Republican65.1%North Dakota
86%
Republican62.0%Alabama
84%
Democrat65.4%Maryland
84%
Democrat66.1%Vermont
84%
Republican65.4%Oklahoma
82%
Republican69.9%Wyoming
82%
Republican62.4%Arkansas
80%
Republican61.8%South Dakota
80%
Republican68.6%West Virginia
80%
Democrat58.7%Delaware
78%
Republican60.7%Tennessee
78%
Republican62.1%Kentucky
76%

Score Distribution

Percentile by Number Answered

Percent of People with Each Score

Your Score History

You have not taken this quiz